| 000 | 00559nam a2200181Ia 4500 | ||
|---|---|---|---|
| 999 |
_c16498 _d16498 |
||
| 082 | _aTS.0763 | ||
| 100 | _aSrivastava, A.L. | ||
| 245 | 0 | _aLife as depicted in Sanchi sculptures | |
| 260 |
_c1976 _bUniversity of Lucknow |
||
| 300 | _a480p. + C D - 56 | ||
| 650 | _aSTATUES///SCULPTURE | ||
| 650 | _aSCULPTURE - MADHYA PRADESH - RAISEN DISTRICT - SANCHI VILLAGE | ||
| 650 | _aART///SCULPTURE | ||
| 650 | _aSTONEWORK, DECORATIVE//SCULPTURE | ||
| 650 | _aINDIA, CENTRAL - HISTORY - 0200 B.C.-0100 A.D. | ||
| 710 | _aSrivastava, B.N. | ||
| 942 |
_cTH _2ddc |
||